Makroekonomické ukazovatele štvrťročných národných účtov a pridaná hodnota 1999 (revidované údaje)

Salvato in:
Dettagli Bibliografici
Natura: Libro
Lingua:slovacco
inglese
Pubblicazione: Bratislava Štatistický úrad Slovenskej republiky 2000
Serie:Národné účty
Soggetti:
Tags: Aggiungi Tag
Nessun Tag, puoi essere il primo ad aggiungerne!!

MARC

LEADER 00000nam a2200000 4500
001 c119688
005 20251124132504.4
041 0 |a slo 
041 0 |a eng 
044 |a SK 
245 1 0 |a Makroekonomické ukazovatele štvrťročných národných účtov a pridaná hodnota 1999  |b (revidované údaje) 
264 1 |a Bratislava  |b Štatistický úrad Slovenskej republiky  |c 2000 
300 |a 38 s. 
490 1 |a Národné účty 
830 0 |a Národné účty 
610 2 0 |a Slovensko 
610 2 0 |a účty národné 
610 2 0 |a produkt domáci hrubý